Hidden Neighbors of Missouri Quiz Stats

 Plays Quiz Updated Aug 7, 2018

Challenge
Share
Tweet
Score 0/8 Timer 01:00
28 Plays Today
% Correct
Illinois
91.5%
Kansas
90.9%
Arkansas
88.6%
Iowa
88.1%
Oklahoma
80.6%
Nebraska
79%
Tennessee
78%
Kentucky
74.1%

You're not logged in!

Compare scores with friends on all Sporcle quizzes.
OR
Log In

You Might Also Like...

Show Comments

Extras

Top Quizzes Today


Score Distribution

Your Account Isn't Verified!

In order to create a playlist on Sporcle, you need to verify the email address you used during registration. Go to your Sporcle Settings to finish the process.

Report this User

Report this user for behavior that violates our Community Guidelines.

Details: